000 00540nam a2200181Ia 4500
005 20250508150352.0
008 008 250505s9999 xx 000 0 eng d
037 _aTextual
040 _aFEDL
_beng
_cFEDL
041 _aeng
_2eng
084 _a374, GRA
_qFEDL
100 _aGray William S
_9154394
245 0 _aPromoting personal and social development through reading
260 _aChicago, USA
_bThe University of Chicago Press
_c1947
300 _aviii,236p.
942 _cTEXL
_h374, GRA
999 _c1323220
_d1323220